Justicia colectiva (Registro nro. 261)
[ vista simple ]
| 000 -LEADER | |
|---|---|
| fixed length control field | 01154 a2200241 4500 |
| 001 - CONTROL NUMBER | |
| control field | 2286 |
| 005 - DATE AND TIME OF LATEST TRANSACTION | |
| control field | 20260407155423.0 |
| 008 - FIXED-LENGTH DATA ELEMENTS--GENERAL INFORMATION | |
| fixed length control field | 260407a2010 arg spa d |
| 003 - CONTROL NUMBER IDENTIFIER | |
| control field | AR-UNSa-BCEJYS |
| 040 ## - CATALOGING SOURCE | |
| Original cataloging agency | AR-UNSa-BCEJYS |
| Language of cataloging | spa |
| Transcribing agency | AR-UNSa-BCEJYS |
| 080 ## - UNIVERSAL DECIMAL CLASSIFICATION NUMBER | |
| Universal Decimal Classification number | 340.5 |
| Common auxiliary subdivision | Derecho Comparado |
| 020 ## - INTERNATIONAL STANDARD BOOK NUMBER | |
| International Standard Book Number | 978-987-30-0078-2 |
| 041 ## - LANGUAGE CODE | |
| Language code of text/sound track or separate title | spa |
| 100 1# - MAIN ENTRY--PERSONAL NAME | |
| Personal name | Lorenzetti, Ricardo Luis |
| 245 10 - TITLE STATEMENT | |
| Title | Justicia colectiva |
| 264 #1 - PRODUCTION, PUBLICATION, DISTRIBUTION, MANUFACTURE, AND COPYRIGHT NOTICE | |
| Place of production, publication, distribution, manufacture | Buenos Aires : |
| Name of producer, publisher, distributor, manufacturer | Rubinzal-Culzoni Editores |
| Date of production, publication, distribution, manufacture, or copyright notice | 2010 |
| 300 ## - PHYSICAL DESCRIPTION | |
| Extent | 344 p. |
| Dimensions | 22 cm. |
| 505 ## - FORMATTED CONTENTS NOTE | |
| Formatted contents note | 1. El conflicto colectivo. Tipicidad - 2. El proceso colectivo. Fundamentos y objetivos - 3. Evolución jurisprudencial y derecho comparado - 4. El proceso colectivo. Noción y caracteres - 5. El proceso colectivo. Elementos - 6. Legitimación - 7. La sentencia colectiva - 8. La cuestión constitucional - 9. La legislación provincial - 10. El régimen en las relaciones de consumo (Ley 36.361) - 11. Casuística |
| 590 ## - LOCAL NOTE (RLIN) | |
| Local note | niveau_biblio:m niveau_hierar:0 |
| 700 1# - ADDED ENTRY--PERSONAL NAME | |
| Personal name | Catalano, Mariana |
| 856 41 - ELECTRONIC LOCATION AND ACCESS | |
| Uniform Resource Identifier | <a href="https://biblioeco.unsa.edu.ar/pmb/images/libros/Justicia colectiva2-l118261.jpg">https://biblioeco.unsa.edu.ar/pmb/images/libros/Justicia colectiva2-l118261.jpg</a> |
| Link text | Imagen de portada |
| Electronic format type | image/jpeg |
| 942 ## - ADDED ENTRY ELEMENTS (KOHA) | |
| Koha item type | |
| Withdrawn status | Lost status | Damaged status | Not for loan | Home library | Current library | Shelving location | Date acquired | Total checkouts | Full call number | Barcode | Date last seen | Price effective from | Koha item type |
|---|---|---|---|---|---|---|---|---|---|---|---|---|---|
| Biblioteca Prof. Eusebio Cleto del Rey | Biblioteca Prof. Eusebio Cleto del Rey | 07/04/2026 | 340.5 L868 | L118261 | 07/04/2026 | 07/04/2026 | Libro |